La psicomotricidad en el parvulario /
En esta obra, a partir de unas bases psicopedagógicas de desarrollo del niño hasta los siete años, se indica cuáles son los aspectos fundamentales que hay que trabajar en cada edad y qué es lo que hay que tener en cuenta para elaboración del esquema corporal de los niños; su conocimiento de los obje...
Sparad:
| Huvudupphov: | |
|---|---|
| Materialtyp: | Bok |
| Språk: | spanska |
| Utgiven: |
Barcelona, España :
Laia,
1983
|
| Serie: | (Cuadernos de Pedagogía ;
1) |
| Ämnen: | |
| Taggar: |
Inga taggar, Lägg till första taggen!
|
MARC
| LEADER | 00000nam^a2200000^a^4500 | ||
|---|---|---|---|
| 001 | 000001051 | ||
| 005 | 20250521000000.0 | ||
| 009 | 20260310083052.507 | ||
| 020 | |a 84-7222-180-6 | ||
| 037 | |a Acervo ITESO - Biblioteca | ||
| 041 | |a ESP | ||
| 082 | |a 370. 13 ANT | ||
| 100 | |a Antón, Montserrat |e (autor) | ||
| 245 | 1 | 3 | |a La psicomotricidad en el parvulario / |c M. Anton. |
| 264 | 1 | |a Barcelona, España : |b Laia, |c 1983 | |
| 300 | |a 141 p. | ||
| 336 | |a texto |b txt |2 rdacontenido | ||
| 337 | |a sin mediación |b n |2 rdamedio | ||
| 338 | |a volumen |b nc |2 rdasoporte | ||
| 440 | 1 | |a (Cuadernos de Pedagogía ; |v 1) | |
| 520 | |a En esta obra, a partir de unas bases psicopedagógicas de desarrollo del niño hasta los siete años, se indica cuáles son los aspectos fundamentales que hay que trabajar en cada edad y qué es lo que hay que tener en cuenta para elaboración del esquema corporal de los niños; su conocimiento de los objetos y del mundo exterior, su relación con los demás niños y el adulto; y también hace referencia al trabajo de la actividad gráfica como preparación necesaria para el aprendizaje escolar de la escritura. | ||
| 649 | |a XX | ||
| 650 | |a Desarrollo Psicomotriz y Perceptual | ||
| 650 | |a Psicología Evolutiva | ||
| 650 | |a Psicología Educativa | ||
| 650 | |a Educación Preescolar | ||
| 910 | |a Fondo General | ||
| 920 | |a Impresos - Libros | ||
| 930 | |a Colección General | ||
| 905 | |a 101 | ||
| 901 | |a 0010510200 |b IT1 |c ACC |i 905334 |u 20250521 | ||
| 902 | |a https://opac.biblio.iteso.mx/vufind/Record/000001051 | ||